| 000 | 01984nam a2200541 i 4500 | ||
|---|---|---|---|
| 001 | 6228 | ||
| 003 | KOSZ 005 | ||
| 005 | 20200528150149.0 | ||
| 008 | 970629s1992 pl a f f |000 0 pol | ||
| 015 | _aUWD 1993/5710 | ||
| 035 | _a991000771659705066 | ||
| 035 | _a(PL-WaBN)b10245017-48omnis_nlop | ||
| 035 | _ab10245017 | ||
| 035 | _a(OCoLC)830055057 | ||
| 035 | _a(PL)b0000001024501 | ||
| 035 | _a(EXLNZ-48OMNIS_NETWORK)9910341014705606 | ||
| 040 |
_aWA N _cWA N _dWA N _dKOSZ 005/HR |
||
| 046 | _k1992 | ||
| 080 | _a624.9 | ||
| 080 | _a624.014.2-045.43 | ||
| 080 | _a(075.8) | ||
| 100 | 1 |
_aKucharczuk, Witold _eAutor |
|
| 245 | 1 | 0 |
_aStalowe hale i budynki wielokondygnacyjne. _nCz. 1, _pPrzegląd rozwiązań konstrukcyjnych oraz ogólne zasady obliczania i projektowania / _cWitold Kucharczuk, Tomasz Denis. |
| 260 |
_aCzęstochowa : _bWydaw. PC, _c1992. |
||
| 300 |
_a286, [2] s., [3] k. tabl. : _brys., wykr. ; _c24 cm. |
||
| 336 |
_aTekst _btxt _2rdacontent |
||
| 337 |
_aBez urządzenia pośredniczącego _bn _2rdamedia |
||
| 338 |
_aWolumin _bnc _2rdacarrier |
||
| 380 | _aKsiążki | ||
| 380 | _aPublikacje dydaktyczne | ||
| 385 |
_mPoziom nauczania _aSzkoły wyższe |
||
| 388 | _a1901-2000 | ||
| 388 | _a1989-2000 | ||
| 490 | 1 | _aSkrypt / Politechnika Częstochowska | |
| 504 | _aBibliogr. s. 208-210, 286-287, wykaz norm s. 211-212, [288]. | ||
| 650 | 7 |
_aHale (budynki) _2DBN |
|
| 650 | 7 |
_aKonstrukcje stalowe _2DBN |
|
| 650 | 7 | _aProjektowanie | |
| 655 | 7 |
_aPodręczniki akademickie _2DBN |
|
| 655 | 7 |
_aProjekt budowlany _2DBN |
|
| 658 | _aArchitektura i budownictwo | ||
| 700 | 1 |
_aDenis, Tomasz _eAutor |
|
| 710 | 2 |
_aWydawnictwo Politechniki Częstochowskiej _4pbl |
|
| 830 | 0 | _aSkrypt - Politechnika Częstochowska | |
| 856 |
_uhttp://koha.tu.koszalin.pl/cgi-bin/koha/opac-detail.pl?biblionumber=6228 _zKatalog online BPK |
||
| 942 |
_2UKD _cKS |
||
| 999 |
_c6228 _d6228 |
||